Landlocked Cities Quiz Stats

Quiz Updated Jul 13, 2016

Challenge
Share
Tweet
Embed
Score 0/24 Timer 06:00
1 Play Today
Population City % Correct
2,000,000Vienna, Austria
79.5%
1,370,000Prague, Czechia
69.1%
1,840,000La Paz, Bolivia
64.8%
2,300,000Budapest, Hungary
63.8%
1,160,000Zurich, Switzerland
62.5%
2,925,000Kabul, Afghanistan
52.8%
1,850,000Minsk, Belarus
49.1%
2,175,000AsunciĆ³n, Paraguay
47.7%
1,090,000Ulan Bator, Mongolia
43.3%
1,470,000Kathmandu, Nepal
43.1%
1,590,000Belgrade, Serbia
41.1%
3,100,000Addis Ababa, Ethiopia
38.1%
Population City % Correct
2,500,000Tashkent, Uzbekistan
37.8%
2,300,000Harare, Zimbabwe
36%
1,970,000Kampala, Uganda
31.5%
1,310,000Almaty, Kazakhstan
28.9%
1,920,000Baku, Azerbaijan
28.8%
1,920,000Bamako, Mali
27.8%
1,830,000Lusaka, Zambia
26.8%
1,020,000N'Djamena, Chad
26.6%
1,220,000Yerevan, Armenia
23.6%
1,700,000Ouagadougou, Burkina Faso
21.7%
1,710,000Santa Cruz, Bolivia
13.2%
1,020,000Cochabamba, Bolivia
4.9%

You're not logged in!

Compare scores with friends on all Sporcle quizzes.
Sign Up with Email
OR
Log In

You Might Also Like...

Show Comments

Extras

Top Quizzes Today


Score Distribution

Your Account Isn't Verified!

In order to create a playlist on Sporcle, you need to verify the email address you used during registration. Go to your Sporcle Settings to finish the process.